000 00687nam a2200229 u 4500
005 20240910064111.0
008 120627s2009 r 000 0 eng d
020 _a9788496870253
035 _aUPN01000185487
049 _aI
050 4 _aPQ6703 A4.6
_bM3.6
100 1 _aCampos Palonino, Israel,
_d1974-
245 1 3 _aLa máquina cambiante /
_cIsrael Campos, il. Virginia Garrido Millán.
260 _aSevilla, Esp. :
_bEdimáter,
_c2009.
300 _a94 p. :
_eil.
440 3 _aLa osa menor ;
_v3.
_pA partir de 8 años
650 4 _aLiteratura infantil española
_95892
650 7 _aAmistad
_2
_94317
650 2 _aRespeto
_94166
905 _aInfantil
999 _c157590
_d157590